000
00342nam a2200145Ia 4500
008
191201s2009 xx 000 0 und d
082
_a
658.15
_b
SOM
100
_a
SOMANATH,VS
245
0
_a
Micro Finance Redefining the Future
250
_a
1st
260
_a
N. Delhi
_b
Excel Books
_c
2009
300
_a
286
650
_a
MBA
942
_2
ddc
_c
BK
999
_c
4780
_d
4780